Cricket Quiz III - Statistics

General Stats
  • This quiz has been taken 143 times
  • The average score is 9 of 15
Answer Stats
Hint Answer % Correct
The nickname of New Zealand Black Caps
78%
The Lords stadium is located in London
78%
The nickname of Australia Kangaroos
72%
Nickname of A B De Villiers Mr 360
71%
An Australian right handed pacer Pat Cummins
67%
Husband of Alyssa Healy Mitchell Starc
65%
Jofra Archer was born in Barbados
60%
Which edition did Deccan Charges win the IPL 3rd
52%
Jason Roy was born in South Africa
50%
Rachin Ravindra was born in India
49%
How many teams does Rashid Khan play currently (excluding national team) 7
48%
First 10 wicket haul Jim Laker
48%
Third 10 wicket haul Aaz Patel
40%
Braboune stadium is located in Mumbai
39%
How many teams did Aaron Finch play in IPL 9
37%
No matching quizzes found
Score Distribution
Percent of People with Each Score
Percentile by Number Answered
Your Score History
You have not taken this quiz